Statistiken für Land Form Quiz # 1

Klicken Sie hier um das Quiz zu spielen!

Allgemein

  • Dieses Quiz wurde 9,453 mal gespielt
  • Das Durchschnittsergebnis liegt bei 13 aus 16

Antwortstatistiken

Answer % Korrekt
Italien
99%
Frankreich
97%
Vereinigte Staaten
97%
Norwegen
96%
Vereinigtes Königreich
95%
Indien
94%
Australien
94%
Indonesien
89%
Mexiko
87%
Japan
87%
Ägypten
87%
China
83%
Brasilien
76%
Argentinien
73%
Panama
46%
Irak
45%

Verteilung der Resultate

Perzentil nach korrekt beantworteten Fragen

Anzahl Personen mit jedem Resultat

Ihre Resultats-Entwicklung

Sie haben dieses Quiz noch nicht gespielt